| 000 | 01034nam a22003017a 4500 | ||
|---|---|---|---|
| 003 | CHAP | ||
| 005 | 20220329141009.0 | ||
| 008 | 971013s1966 r 00010 d | ||
| 010 | _a61064 | ||
| 011 | _a62036 | ||
| 035 | _a66210 | ||
| 040 | _cCHAP | ||
| 090 | _aTesis | ||
| 100 | 0 | 0 |
_aRojas Acosta, Arturo. _999265 |
| 245 |
_aModelo óptimo de transporte mediante programación lineal _b: el caso de la leche de ganado bovino en México |
||
| 260 |
_aChapingo, Méx. : _bEl autor, _c1966 |
||
| 300 |
_a59 h. _b; anexos |
||
| 502 | _aTesis (Ing. Agr. Esp. en Economía Agrícola) -- UACH. Departamento de Economía Agrícola | ||
| 590 |
_aALEPH _b10 _c20130110 _lUCH01 _h1340 |
||
| 590 |
_aBATCH-UPD _b10 _c20130110 _lUCH01 _h0711 |
||
| 590 |
_aCONVERSION _b10 _c20130109 _lUCH01 _h1333 |
||
| 650 | 1 | 4 |
_aLeche _xMercadeo _zTlaxcala. _965393 |
| 650 | 1 | 4 |
_aLeche _xTransporte. _965417 |
| 901 | _aBK | ||
| 942 | _cFOLL | ||
| 949 |
_bBC _cTES _d-151368 _eTS1 _h29259 _i66210 _si |
||
| 949 |
_bBC _cTES _d33724000621736 _eTS2 _fc.2 _h29251 _i66210 _si |
||
| 999 |
_c61064 _d61064 |
||